000 00596nam a2200217Ia 4500
003 OSt
005 20220928135821.0
006 a|||||r|||| 00| 0
007 ta
008 220927b |||||||| |||| 00| 0 eng d
024 _a4998
037 _cAnnuals, Advances
040 _aSDCL
_cSDCL
_beng
041 _2eng
_aeng
082 _aX:61:8.2' N7, L8
100 _aVerma Vinay Kumar
_9492860
245 0 _aPromotional aspects of monetary management in India
260 _c1978
942 _hX:61:8.2' N7, L8
_cREF
_2CC
999 _c808547
_d808547